[Event "CZE-chT2B 1011"]
[Site "Czech Republic"]
[Date "2011.03.06"]
[Round "9.4"]
[White "Pletanek, Jan"]
[Black "Princ, Jiri"]
[Result "1-0"]
[WhiteElo "2210"]
[BlackElo "1920"]
[PlyCount "51"]
[EventDate "2010.10.17"]
[EventType "team-tourn"]
[EventRounds "11"]
[EventCountry "CZE"]
[SourceTitle "EXT 2012"]
[Source "ChessBase"]
[SourceDate "2011.11.24"]
[SourceVersion "1"]
[SourceVersionDate "2011.11.24"]
[SourceQuality "1"]
[WhiteTeam "Postovni sporitelna II"]
[BlackTeam "Lipa"]
[WhiteTeamCountry "CZE"]
[BlackTeamCountry "CZE"]

1. e4 e6 2. d4 d5 3. Nc3 dxe4 4. Nxe4 Nd7 5. Nf3 Ngf6 6. Nxf6+ Nxf6 7. Bd3 Be7 8. Qe2 0-0 9. Bg5 b6 10. Bxf6 g6 11. Bxe7 Qxe7 12. 0-0 Bb7 13. Be4 Bxe4 14. Qxe4 Rad8 15. Ne5 Rd6 16. Rad1 a5 17. Rd3 f5 18. Qf4 g5 19. Rg3 h6 20. h4 g4 21. Ng6 Qf6 22. Nxf8 Rxd4 23. Rxg4+ Kxf8 24. Qxd4 e5 25. Qc4 fxg4 26. Qxg4 1-0

[Event "CZE-chT2B 1011"]
[Site "Czech Republic"]
[Date "2011.01.09"]
[Round "5.6"]
[White "Princ, Jiri"]
[Black "Wasserbauer, Radek"]
[Result "0-1"]
[WhiteElo "1920"]
[BlackElo "2060"]
[PlyCount "60"]
[EventDate "2010.10.17"]
[EventType "team-tourn"]
[EventRounds "11"]
[EventCountry "CZE"]
[SourceTitle "EXT 2012"]
[Source "ChessBase"]
[SourceDate "2011.11.24"]
[SourceVersion "1"]
[SourceVersionDate "2011.11.24"]
[SourceQuality "1"]
[WhiteTeam "Lipa"]
[BlackTeam "Kladno"]
[WhiteTeamCountry "CZE"]
[BlackTeamCountry "CZE"]

1. e4 e6 2. d3 d5 3. Nd2 c5 4. c3 Nc6 5. Ngf3 Bd6 6. g3 Nge7 7. Bg2 Qc7 8. 0-0 Bd7 9. Re1 f6 10. Nf1 0-0 11. Ne3 dxe4 12. dxe4 Ng6 13. Nc4 Be7 14. Qb3 b5 15. Ne3 c4 16. Qc2 Nge5 17. Rd1 Nxf3+ 18. Bxf3 Ne5 19. Bg2 Bc6 20. Bh3 Nf3+ 21. Kf1 Qe5 22. Ng4 Qh5 23. Nh6+ gxh6 24. Bxe6+ Kh8 25. h3 f5 26. Bxf5 Rxf5 27. exf5 Qxh3+ 28. Ke2 Qg4 29. Kf1 Be4 30. Qe2 Qh3# 0-1